Půlstoletí Kruhu : mapování padesáti let oddílu Kruh /

Corporate Author: Kmen Kruh (dětský oddíl)
Other Authors: Špinka, František, Velíšková, Kateřina, Holeček, Josef, Roeselová, Sára
Language: Czech
Published: Praha : Kruh, kmen Ligy lesní moudrosti, 2017
Subjects:
Physical Description: 569 stran : ilustrace, mapy, portréty, faksimile ; 23 cm
Book
Saved in:
LEADER 02375nam a2200637 i 4500
001 nkc20162864964
003 CZ PrNK
005 20170303075712.0
007 ta
008 170203s2017 xr abche 000 0 cze
015 |a cnb002864964 
020 |a 978-80-270-1017-2  |q (brožováno) 
035 |a (OCoLC)975041674 
040 |a ABA001  |b cze  |e rda 
043 |a e-xr---  |b e-xr-pg  |2 czenas 
045 |a x-y- 
072 7 |a 37  |x Výchova a vzdělávání  |2 Konspekt  |9 22 
080 |a 379.8.03:061.2.024  |2 MRF 
080 |a 379.8.03:061.2  |2 MRF 
080 |a 379.84.03  |2 MRF 
080 |a (437.311)  |2 MRF 
080 |a (082)  |2 MRF 
080 |a (082.2)  |2 MRF 
245 0 0 |a Půlstoletí Kruhu :  |b mapování padesáti let oddílu Kruh /  |c František Špinka, Kateřina Velíšková, Josef Holeček, Sára Roeselová (editoři) 
264 1 |a Praha :  |b Kruh, kmen Ligy lesní moudrosti,  |c 2017 
300 |a 569 stran :  |b ilustrace, mapy, portréty, faksimile ;  |c 23 cm 
336 |a text  |b txt  |2 rdacontent 
337 |a bez média  |b n  |2 rdamedia 
338 |a svazek  |b nc  |2 rdacarrier 
504 |a Obsahuje bibliografii a bibliografické odkazy 
610 2 7 |a Kmen Kruh (dětský oddíl)  |7 ko2017941881  |2 czenas 
648 4 |a 1966-2016 
648 7 |a 20.-21. století  |7 ch462155  |2 czenas 
650 0 7 |a skautské oddíly  |7 ph162878  |z Česko  |y 20.-21. století  |2 czenas 
650 0 7 |a skauting  |7 ph116152  |z Česko  |y 20.-21. století  |2 czenas 
650 0 7 |a woodcraft  |7 ph127500  |2 czenas 
650 0 9 |a scout troops  |z Czechia  |y 20th-21st centuries  |2 eczenas 
650 0 9 |a scouting  |z Czechia  |y 20th-21st centuries  |2 eczenas 
650 0 9 |a woodcraft  |2 eczenas 
651 7 |a Praha (Česko)  |7 ge118011  |2 czenas 
651 9 |a Prague (Czechia)  |2 eczenas 
655 7 |a sborníky  |7 fd163935  |2 czenas 
655 7 |a jubilejní publikace  |7 fd131839  |2 czenas 
655 9 |a miscellanea  |2 eczenas 
655 9 |a jubilee books  |2 eczenas 
700 1 |a Špinka, František  |4 edt 
700 1 |a Velíšková, Kateřina  |4 edt 
700 1 |a Holeček, Josef  |4 edt 
700 1 |a Roeselová, Sára  |4 edt 
710 2 |a Kmen Kruh (dětský oddíl)  |7 ko2017941881  |4 isb 
910 2 |a BOA001  |b 2-1382.162 
928 9 |a Liga lesní moudrosti - kmen Kruh 
990 |a BK 
995 |a 01 
991 |b 201702  |c NOV 
996 6 |b 2610696219  |c 2-1382.162  |l MZK  |r Sklad / do 1 hodiny  |n 0  |p p.v.  |w 001597969  |u 000010  |a 1  |e BOA001  |j MZK50  |s P